Hymnes

Sábháilte in:
Sonraí bibleagrafaíochta
Príomhchruthaitheoir: Homero (autor)
Formáid: LEABHAR
Teanga:Fraincis
Gréigis
Foilsithe / Cruthaithe: París Les Belles Lettres 1936
Sraith:Collection des Universités de France
Ábhair:
Clibeanna: Cuir clib leis
Níl clibeanna ann, Bí ar an gcéad duine le clib a chur leis an taifead seo!

MARC

LEADER 00000nam a2200000 a 4500
001 UCO5810
003 CL-VaPUC
008 000915e19360000FR |||||||||||||||||fre|d
041 0 7 |a fre  |2 CL-VaPUC 
041 0 7 |a gre  |2 CL-VaPUC 
082 0 4 |a 883  |b HOM  |2 21 
100 |a Homero   |e autor  |9 265577 
245 1 0 |a Hymnes 
300 |a 251 p 
942 |c BK 
945 |d 20000915 00:00:00  |a crobeson 
260 |a París  |b Les Belles Lettres  |c 1936 
650 7 |a POESIAS EPICAS GRIEGAS  |2 CL-VaPUC  |9 265677 
650 7 |a LITERATURA GRIEGA  |2 CL-VaPUC  |9 258054 
583 |a last modification  |c 20000915 00:00:00  |k Rodrigo Vera 
490 0 |a Collection des Universités de France 
999 |c 291640  |d 291638 
952 |0 0  |1 0  |4 0  |6 883_000000000000000_HOM_1936  |7 0  |8 X  |9 341664  |a BIBART  |b BIBART  |d 2019-11-20  |i 1223259  |o 883 HOM 1936  |p 1223259  |r 2025-03-13  |w 2019-11-20  |y BK_X  |k ART